Minecraft Weapons - Statistics

General Stats
  • This quiz has been taken 1,176 times
  • The average score is 6 of 14
Answer Stats
Answer % Correct
Sword
99%
Axe
96%
Bow
90%
Pickaxe
85%
Shovel
81%
Crossbow
72%
Trident
64%
Arrow
35%
Tipped Arrow
5%
Spectral Arrow
3%
Firework Rocket
2%
Poison Arrow
2%
Damage Lingering Potion
1%
Damage Splash Potions
1%
No matching quizzes found
Score Distribution
Percent of People with Each Score
Percentile by Number Answered
Your Score History
You have not taken this quiz